书目信息 |
| 题名: |
我爱面包机
|
|
| 作者: | ;姜靖 译 ;主妇之友社 著 | |
| 分册: | ||
| 出版信息: | 北京 科学技术出版社 2013 |
|
| 页数: | 191 | |
| 开本: | 23cm | |
| 丛书名: | ||
| 单 册: | ||
| 中图分类: | TS21 | |
| 科图分类: | ||
| 主题词: | 粮食加工--食品工业 , 粮食加工 | |
| 电子资源: | ||
| ISBN: | 7-5304-5702-3 | |
| 000 | 00651nam0 2200205 450 | |
| 001 | 1735846483 | |
| 005 | 20170410095726.48 | |
| 010 | @a7-5304-5702-3@d¥39.00 | |
| 100 | @a20170410d km y0chiy0120 ea | |
| 101 | 0 | @achi |
| 200 | 1 | @a我爱面包机@Awo ai mian bao ji@f(日)主妇之友社著@F(ri)zhu fu zhi you she zhu@g姜靖译@Gjiang jing yi |
| 210 | @a北京@c科学技术出版社@d2013 | |
| 215 | @a191@c插图@d23cm | |
| 606 | 0 | @a粮食加工@x食品工业 |
| 606 | 0 | @a粮食加工 |
| 690 | @aTS21@v4 | |
| 702 | 0 | @a姜靖@Ajiang jing@4译 |
| 711 | 02 | @a主妇之友社@Azhu fu zhi you she@4著 |
| 801 | 0 | @aCN@b大连网信软件有限公司图书馆·11@c20170410 |
| 905 | @b6603807@dTS21@en3@f1 | |
| 我爱面包机/(日)主妇之友社著/姜靖译.-北京:科学技术出版社,2013 |
| 191:插图;23cm |
| ISBN 7-5304-5702-3:¥39.00 |
| ● |
| 相关链接 |
|
|
|
|
正题名:我爱面包机
索取号:TS21/n3
 
预约/预借
| 序号 | 登录号 | 条形码 | 馆藏地/架位号 | 状态 | 备注 |
| 1 | 6603807 | 266038076 | 密集书库-生命科学系/ [索取号:TS21/n3] | 在馆 |